000 00668nam a2200217Ia 4500
003 GCL
008 140319s9999 xx 000 0 ara d
040 _aGCL /
_cGCL
082 0 4 _a341.8
_bع ق
100 1 _aعزالدين عبدالله
245 1 0 _aالقانون الدولى الخاص /
_cعزالدين عبدالله
260 _a[S.N] :
_bالهيئة المصرية العامة للكتاب ،
_c1986
300 _a2 مجلد
490 _a
650 0 4 _aالقانون
650 0 4 _aالجنسية
650 0 4 _aالقانون الدولى الخاص
650 0 4 _aتنازع القوانين
650 0 4 _aالمواطنة
942 _2ddc
_cBK
999 _c28722
_d28722